JAKIE ZWIERZĘ ZAPADA W SEN ZIMOWY? - Statystyki

Ogólne statystyki
  • Ten quiz został rozwiązany 37 razy
  • Średni wynik to 3 z 5
Statystyki odpowiedzi
Odpowiedź % Poprawnych
NIEDŹWIEDŹ
100%
BORSUK
58%
JEŻ
58%
ŚWISTAK
33%
SUSEŁ
24%
Nie znaleziono quizów pasujących do podanych kryteriów
Rozkład punktacji
Procent ludzi z każdym wynikiem
Percentyl według liczby udzielonych odpowiedzi
Twoja historia wyników
Nie rozwiązałeś tego quizu